Postmodernidad y derecho.

Saved in:
Bibliografiske detaljer
Hovedforfatter: Trazegnies Granda, Fernando de (autor)
Format: Bog
Udgivet: Lima, Perú: ARA Editores, 1996.
Udgivelse:1era. Edición
Fag:
Tags: Tilføj Tag
Ingen Tags, Vær først til at tagge denne postø!

MARC

LEADER 00000nam a22000007a 4500
003 CL-VaPUC
005 20220822114640.0
008 220718t1996 ||||| |||| 00| 0 eng d
999 |c 437192  |d 437190 
020 |a 9972-626-01-9 
040 |c Pontificia Universidad Católica de Valparaíso 
082 |a 340.09 TRA 1996 
100 |a Trazegnies Granda, Fernando de  |9 405140  |e autor 
245 |a Postmodernidad y derecho. 
250 |a 1era. Edición  
260 |a Lima, Perú:  |b ARA Editores,   |c 1996. 
300 |a 87 páginas. 
500 |a c.1 Donación Familia Prof. Alejandro Guzmán Brito. 
583 |c 20220718  |k Cristina María Rojas Aguilar 
650 |a Derecho  |x Historia  |9 866192 
650 |a Derecho civil  |x Historia   |9 873303 
942 |2 ddc  |c BK  |n 0 
952 |0 0  |1 0  |2 ddc  |4 0  |6 340_090000000000000_TRA_1996  |7 0  |8 C_AGB  |9 584947  |a BIBDER  |b BIBDER  |d 2022-07-18  |e Donación   |i 5653048  |o 340.09 TRA 1996  |p 5653048  |r 2023-01-25  |t 1  |w 2022-07-18  |y BK_US  |k AGB